[Event "European Rapid 2022"]
[Site "Katowice POL"]
[Date "2022.12.18"]
[Round "11.14"]
[White "Svane, Rasmus"]
[Black "Manik, Mikulas"]
[Result "0-1"]
[WhiteTitle "GM"]
[BlackTitle "GM"]
[WhiteElo "2622"]
[BlackElo "2359"]
[WhiteFideId "4657101"]
[BlackFideId "14900734"]
[EventDate "2022.12.17"]

1. Nf3 Nf6 2. g3 g6 3. Bg2 Bg7 4. O-O O-O 5. d4 d6 6. Re1 Nbd7 7. e4 e5 8. Nc3
c6 9. a4 a5 10. h3 Re8 11. Be3 exd4 12. Bxd4 Qc7 13. Nd2 b6 14. f4 Ba6 15. Qf3
Rac8 16. g4 b5 17. Bf1 Rb8 18. axb5 cxb5 19. g5 Nh5 20. Bxg7 Kxg7 21. Qf2 Kg8
22. Be2 Ng7 23. Bg4 Nb6 24. Rxa5 b4 25. Nd5 Nxd5 26. Rxd5 Qxc2 27. Qd4 Bc8 28.
Bxc8 Rexc8 29. Rxd6 Ne6 30. Qe5 Re8 31. Rd5 Nc7 32. Qd4 Nxd5 33. e5 Nc3 34. bxc3
Rbd8 35. Ne4 Rxd4 36. Nf6+ Kf8 37. cxd4 Ra8 0-1

[Event "European Rapid 2022"]
[Site "Katowice POL"]
[Date "2022.12.18"]
[Round "11.15"]
[White "Hovhannisyan, Robert"]
[Black "Piesik, Piotr"]
[Result "1-0"]
[WhiteTitle "GM"]
[BlackTitle "IM"]
[WhiteElo "2597"]
[BlackElo "2420"]
[WhiteFideId "13302507"]
[BlackFideId "1136194"]
[EventDate "2022.12.17"]

1. e4 e6 2. d4 d5 3. Nc3 Bb4 4. e5 Qd7 5. h4 h5 6. Nf3 b6 7. Bd2 Nh6 8. Bd3 Ba6
9. Ne2 Be7 10. Bg5 Bxd3 11. Qxd3 Nf5 12. Ng3 Nxg3 13. fxg3 Nc6 14. O-O O-O-O 15.
Bxe7 Nxe7 16. a4 a5 17. b4 axb4 18. a5 b5 19. a6 Kb8 20. Ng5 Rhf8 21. Nh7 Nf5
22. Nxf8 Rxf8 23. a7+ Ka8 24. Ra6 f6 25. Rxf5 exf5 26. e6 Qe8 27. Qxf5 c6 28.
Qf4 Qc8 29. Qd6 Rd8 30. Rxc6 Rxd6 31. Rxc8+ Kxa7 32. e7 1-0

[Event "European Rapid 2022"]
[Site "Katowice POL"]
[Date "2022.12.18"]
[Round "11.16"]
[White "Wieczorek, Oskar"]
[Black "Donchenko, Alexander"]
[Result "0-1"]
[WhiteTitle "GM"]
[BlackTitle "GM"]
[WhiteElo "2504"]
[BlackElo "2636"]
[WhiteFideId "1133950"]
[BlackFideId "24603295"]
[EventDate "2022.12.17"]

1. e4 c6 2. d4 d5 3. Nd2 dxe4 4. Nxe4 Bf5 5. Ng3 Bg6 6. c3 e6 7. Nh3 Bd6 8. Nf4
Nf6 9. h4 Bxf4 10. Bxf4 h6 11. h5 Bh7 12. Qb3 Qe7 13. Be2 O-O 14. O-O Nd5 15.
Bd2 Qc7 16. c4 Nf6 17. Qa3 Rd8 18. Bf3 Rxd4 19. Ba5 b6 20. Bc3 Rd3 21. Rfd1
Rxd1+ 22. Rxd1 Nbd7 23. Rd6 c5 24. Rxd7 Qxd7 25. Bxf6 Re8 26. Be5 Qd2 27. Qc3
Qxc3 28. Bxc3 Bb1 29. a3 Bd3 30. Ne4 e5 31. g4 Re7 32. Nd6 Re6 33. Nc8 e4 34.
Bg2 a6 35. Bf1 Bxf1 36. Kxf1 Kf8 37. a4 Rc6 38. a5 bxa5 39. Na7 Rc7 40. Bxa5
Rxa7 41. Bb6 Rb7 42. Bxc5+ Ke8 43. Bd4 f6 44. Bc3 Rb3 45. Ke2 Rxc3 46. bxc3 a5
47. Ke3 a4 48. Kd2 Kd7 49. Kc2 Kc6 0-1

[Event "European Rapid 2022"]
[Site "Katowice POL"]
[Date "2022.12.18"]
[Round "11.17"]
[White "Szpar, Milosz"]
[Black "Ziska, Helgi Dam"]
[Result "0-1"]
[WhiteTitle "IM"]
[BlackTitle "GM"]
[WhiteElo "2428"]
[BlackElo "2546"]
[WhiteFideId "1184989"]
[BlackFideId "7200595"]
[EventDate "2022.12.17"]

1. e4 c5 2. Nf3 d6 3. d4 cxd4 4. Nxd4 Nf6 5. Nc3 a6 6. Be2 e5 7. Nb3 Be7 8. f4
O-O 9. a4 Nc6 10. O-O Nb4 11. Bf3 Be6 12. Kh1 Rc8 13. Be3 Qc7 14. a5 Qc6 15. Qd2
Qc4 16. f5 Nxc2 17. Qxc2 Qxb3 18. Qf2 Bd7 19. g4 Rxc3 20. bxc3 Bc6 21. g5 Nxe4
22. Qh4 Qxc3 23. f6 Nd2 24. fxe7 Nxf3 25. exf8=Q+ Kxf8 0-1

[Event "European Rapid 2022"]
[Site "Katowice POL"]
[Date "2022.12.18"]
[Round "11.18"]
[White "Paehtz, Elisabeth"]
[Black "Sargsyan, Shant"]
[Result "0-1"]
[WhiteTitle "GM"]
[BlackTitle "GM"]
[WhiteElo "2464"]
[BlackElo "2645"]
[WhiteFideId "4641833"]
[BlackFideId "13306766"]
[EventDate "2022.12.17"]

1. d4 Nf6 2. Nf3 g6 3. Bg5 Bg7 4. Nbd2 d5 5. e3 O-O 6. c3 b6 7. Be2 c5 8. O-O
Nc6 9. Qa4 Bb7 10. Qa3 Nd7 11. Rad1 Qc8 12. Nb3 c4 13. Nbd2 f6 14. Bh4 Re8 15.
e4 e6 16. b3 b5 17. bxc4 bxc4 18. Rfe1 Nb6 19. Bf1 Qd7 20. h3 Qf7 21. Bg3 Bf8
22. Qc1 Ba6 23. Nh2 Bb5 24. exd5 exd5 25. Ndf3 Ba4 26. Rxe8 Rxe8 27. Re1 Rxe1
28. Nxe1 Ne7 29. Bd6 Qe6 30. Bb4 Bd7 31. Ng4 h5 32. Nh2 Kh7 33. Nhf3 Bh6 34. Qa3
Nc6 35. Bc5 g5 36. Nc2 g4 37. hxg4 hxg4 38. Nfe1 Bd2 39. Bxb6 axb6 40. Qb2 Bxe1
41. Ne3 f5 42. g3 Qe4 43. Bg2 Qd3 44. Nxd5 Qd1 45. Bf1 Kg7 46. Nxb6 Be6 47. Be2
Bxc3+ 48. Bxd1 Bxb2 49. d5 Bd4 0-1

[Event "European Rapid 2022"]
[Site "Katowice POL"]
[Date "2022.12.18"]
[Round "11.19"]
[White "Plichta, Kamil"]
[Black "Kosteniuk, Alexandra"]
[Result "0-1"]
[WhiteTitle "FM"]
[BlackTitle "GM"]
[WhiteElo "2394"]
[BlackElo "2520"]
[WhiteFideId "1141830"]
[BlackFideId "4128125"]
[EventDate "2022.12.17"]

1. d4 f5 2. g4 d5 3. c4 fxg4 4. Nc3 Nf6 5. h3 c5 6. cxd5 cxd4 7. Qxd4 Nc6 8. Qd1
Ne5 9. hxg4 Bxg4 10. f3 Bd7 11. f4 Neg4 12. e4 Qb6 13. Qf3 e5 14. dxe6 Bc6 15.
Bd2 Bc5 16. Nh3 O-O-O 17. O-O-O Ne3 18. Bxe3 Bxe3+ 19. Kb1 Nxe4 20. Rxd8+ Rxd8
21. Nxe4 Bxe4+ 22. Qxe4 Rd1+ 23. Kc2 Rd2+ 24. Kc3 Qxb2+ 25. Kc4 b5# 0-1

[Event "European Rapid 2022"]
[Site "Katowice POL"]
[Date "2022.12.18"]
[Round "11.20"]
[White "Tregubov, Pavel V."]
[Black "Gretarsson, Helgi Ass"]
[Result "0-1"]
[WhiteTitle "GM"]
[BlackTitle "GM"]
[WhiteElo "2553"]
[BlackElo "2451"]
[WhiteFideId "4115341"]
[BlackFideId "2300699"]
[EventDate "2022.12.17"]

1. e4 e5 2. Nf3 Nc6 3. Bb5 a6 4. Ba4 Bc5 5. O-O Nge7 6. Nxe5 Nxe5 7. d4 b5 8.
Bb3 Bxd4 9. Qxd4 d6 10. f4 c5 11. Qc3 N5g6 12. Bd5 Nxd5 13. exd5 f6 14. f5 Ne7
15. Qd3 Bb7 16. Nc3 b4 17. Ne4 Bxd5 18. Bf4 c4 19. Qd4 Bxe4 20. Qxe4 d5 21. Qe3
O-O 22. Qe6+ Kh8 23. Bd6 Re8 24. Bxb4 Nxf5 25. Qxf5 Qb6+ 26. Kh1 Qxb4 27. Qxd5
Qxb2 28. Qxc4 Rec8 29. Rab1 Qxc2 30. Qf7 Rc7 31. Qd5 Rac8 32. h3 h6 33. Rfe1 Rc5
34. Qe6 Rg5 35. Rb2 Qxb2 36. Qxc8+ Kh7 37. Qa8 Qxa2 38. Re8 Re5 39. Rh8+ Kg6 40.
Qf3 Qd5 41. Qg4+ Kf7 42. Kh2 Re1 43. Qg3 Qe5 44. Qxe5 Rxe5 45. Ra8 a5 46. Ra6 h5
47. Kg3 Rb5 48. Kf3 h4 49. Kf2 g5 50. g4 Rb2+ 51. Kg1 Ra2 52. Kh1 a4 53. Kg1 a3 0-1

[Event "European Rapid 2022"]
[Site "Katowice POL"]
[Date "2022.12.18"]
[Round "11.21"]
[White "Fus, Jakub"]
[Black "Moroni, Luca Jr"]
[Result "0-1"]
[WhiteTitle "FM"]
[BlackTitle "GM"]
[WhiteElo "2405"]
[BlackElo "2576"]
[WhiteFideId "1193023"]
[BlackFideId "865834"]
[EventDate "2022.12.17"]

1. d4 g6 2. e4 Bg7 3. c4 d6 4. Nc3 c5 5. d5 Bxc3+ 6. bxc3 e5 7. Bd3 Qe7 8. Ne2
f5 9. exf5 gxf5 10. Ng3 Qf7 11. f4 e4 12. Be2 Nf6 13. Nf1 Nbd7 14. Be3 h5 15.
Bf2 h4 16. Ne3 Nf8 17. Qa4+ Kd8 18. O-O-O Ng6 19. g3 Kc7 20. Kb2 Bd7 21. Qc2 Rh7
22. Ka1 Rah8 23. Qc1 hxg3 24. hxg3 Rh2 25. Rxh2 Rxh2 26. Rf1 Ne7 27. Qe1 Qg7 28.
Kb2 b5 29. Rh1 Rxh1 30. Qxh1 bxc4 31. Bxc4 Nc8 32. Qh4 Nb6 33. Bb3 a5 34. a3 a4
35. Ba2 Ng4 36. Nxg4 fxg4 37. Qh5 e3 38. Bxe3 Qe7 39. Bd2 Qe2 40. Kc2 Qe4+ 41.
Kd1 Bf5 42. Qf7+ Nd7 43. Bc4 Bg6 44. Qg7 Qxc4 45. Qxg6 Qxd5 46. Qxg4 Qb3+ 47.
Ke2 Qxa3 48. Qe6 Qb2 49. Kd1 a3 50. Bc1 Qb1 0-1

[Event "European Rapid 2022"]
[Site "Katowice POL"]
[Date "2022.12.18"]
[Round "11.22"]
[White "Piorun, Kacper"]
[Black "Jarmula, Lukasz"]
[Result "1-0"]
[WhiteTitle "GM"]
[BlackTitle "GM"]
[WhiteElo "2611"]
[BlackElo "2469"]
[WhiteFideId "1130420"]
[BlackFideId "1160664"]
[EventDate "2022.12.17"]

1. Nf3 b6 2. e4 Bb7 3. Nc3 Nf6 4. e5 Nd5 5. Bc4 Nxc3 6. dxc3 e6 7. Bf4 d5 8. Bd3
Be7 9. h4 h6 10. h5 c5 11. Rh3 c4 12. Be2 Nc6 13. Rg3 Bf8 14. Qd2 b5 15. b3 Qa5
16. Kf1 O-O-O 17. a4 b4 18. bxc4 bxc3 19. Qe1 d4 20. Bd3 Qc5 21. Kg1 Nb4 22. Be4
Qxc4 23. Rd1 Bxe4 24. Qxe4 Qc6 25. Rxd4 Rxd4 26. Qxd4 Bc5 27. Qd1 Rd8 28. Qe2
Nd5 29. Bc1 Qxa4 30. Rxg7 Qa1 31. Qf1 Nc7 32. Rxf7 Ba3 33. Rxc7+ Kxc7 34. Qc4+
Kb7 35. Qb3+ Ka8 36. Qxa3 Rd1+ 37. Kh2 Qxc1 38. Qxc3 Qf4+ 39. g3 Qf8 40. Qc6+
Kb8 41. Kg2 Qc8 42. Qb5+ Ka8 43. Qe2 Qd7 44. Qe3 Qb5 45. g4 Qc4 46. Kg3 Qxc2 47.
Qxh6 Qc6 48. Qf8+ Kb7 49. h6 Rh1 50. g5 a5 51. g6 Qe4 52. Qe7+ Kb6 53. Qxe6+ Kb5
54. g7 Qh7 55. g8=Q 1-0

[Event "European Rapid 2022"]
[Site "Katowice POL"]
[Date "2022.12.18"]
[Round "11.23"]
[White "Alonso Rosell, Alvar"]
[Black "Petrovskyi, Vadym"]
[Result "1-0"]
[WhiteTitle "GM"]
[BlackTitle "FM"]
[WhiteElo "2561"]
[BlackElo "2402"]
[WhiteFideId "2270544"]
[BlackFideId "14165210"]
[EventDate "2022.12.17"]

1. d4 Nf6 2. c4 e6 3. Nf3 b6 4. g3 Bb7 5. Bg2 Be7 6. O-O O-O 7. Re1 d5 8. cxd5
exd5 9. Nc3 Na6 10. Bf4 Re8 11. Rc1 h6 12. h4 Bf8 13. Ne5 c5 14. e3 Nc7 15. g4
Ne6 16. Bg3 Rc8 17. Qd3 a6 18. Rcd1 cxd4 19. exd4 b5 20. Qf5 g6 21. Qf3 Bg7 22.
a3 Re7 23. Qd3 Qe8 24. f4 g5 25. fxg5 hxg5 26. Qf5 Ne4 27. Nxe4 dxe4 28. Bxe4
Bxe4 29. Rxe4 Rd8 30. Nf3 Nf4 31. Rxe7 Qxe7 32. Bxf4 gxf4 33. Qxf4 b4 34. a4 b3
35. h5 Qe6 36. Rd2 Rc8 37. d5 Qb6+ 38. Kg2 Rc2 39. d6 Bxb2 40. Qg5+ Kf8 41. Qe7+
Kg8 42. Qg5+ Kf8 43. Qe7+ Kg8 44. h6 Rxd2+ 45. Nxd2 Qc6+ 46. Ne4 Qc2+ 47. Kh3
Qc6 48. h7+ Kxh7 49. Qxf7+ Kh8 50. Qf8+ Kh7 51. Qf5+ Kg8 52. d7 Qh6+ 53. Kg2 Qh4
54. Ng5 Bf6 55. Qg6+ 1-0

[Event "European Rapid 2022"]
[Site "Katowice POL"]
[Date "2022.12.18"]
[Round "11.24"]
[White "Alexakis, Dimitris"]
[Black "Dragnev, Valentin"]
[Result "0-1"]
[WhiteTitle "IM"]
[BlackTitle "GM"]
[WhiteElo "2486"]
[BlackElo "2556"]
[WhiteFideId "4277023"]
[BlackFideId "1634852"]
[EventDate "2022.12.17"]

1. e4 c6 2. d4 d5 3. Nd2 dxe4 4. Nxe4 Nd7 5. Ng5 h6 6. Ne6 Qb6 7. Nxf8 Nxf8 8.
Nf3 Bf5 9. c3 Nf6 10. Qb3 Ng6 11. Be2 O-O 12. O-O Rfe8 13. Be3 Nd5 14. Bc4 e6
15. Rfe1 Qc7 16. Bd2 b5 17. Bf1 Rab8 18. h3 Ngf4 19. Ne5 a5 20. Qd1 f6 21. Bxf4
Nxf4 22. Ng4 Re7 23. Ne3 Bg6 24. g3 Nd5 25. Bg2 Rd8 26. Qg4 Bf7 27. Rad1 Red7
28. a3 Nxe3 29. fxe3 c5 30. h4 Rd6 31. Bf3 R8d7 32. Qf4 Qd8 33. Rc1 Qb6 34. b4
c4 35. Qe4 Ra7 36. h5 Rd5 37. g4 Rg5 38. Qf4 Bxh5 39. Kf2 Bg6 40. Rb1 e5 41. Qg3
axb4 42. Rxb4 Rxa3 43. Bd5+ Kh7 44. Bxc4 Rxc3 45. Rxb5 Qa7 46. Be6 exd4 47. Rb8
Bf7 48. Bf5+ Rxf5+ 49. gxf5 dxe3+ 50. Kg2 Rc2+ 51. Kh3 Qa5 52. Qxe3 Qxf5+ 53.
Kg3 Qg6+ 54. Kf4 Qg5+ 55. Ke4 Bg6+ 56. Kd4 Qc5# 0-1

[Event "European Rapid 2022"]
[Site "Katowice POL"]
[Date "2022.12.18"]
[Round "11.25"]
[White "Morgunov, Marc"]
[Black "Licznerski, Lukasz"]
[Result "0-1"]
[WhiteTitle "FM"]
[BlackTitle "IM"]
[WhiteElo "2402"]
[BlackElo "2441"]
[WhiteFideId "1640305"]
[BlackFideId "1179250"]
[EventDate "2022.12.17"]

1. e4 c6 2. Nc3 d5 3. Nf3 Bg4 4. h3 Bh5 5. exd5 cxd5 6. g4 Bg6 7. Ne5 Nc6 8. d4
e6 9. Bb5 Rc8 10. h4 f6 11. h5 Bxc2 12. Bxc6+ bxc6 13. Qxc2 fxe5 14. dxe5 Nh6
15. Bxh6 gxh6 16. f4 Bc5 17. O-O-O Be3+ 18. Kb1 Bxf4 19. Rhf1 O-O 20. Qa4 Bxe5
21. Qxa7 Rb8 22. Ka1 Rxf1 23. Rxf1 Qb6 24. Qxb6 Rxb6 25. Re1 Bxc3 26. bxc3 Kf7
27. Re3 Kf6 28. a3 e5 29. Rf3+ Ke6 30. Ka2 e4 31. Rf8 Rb7 32. a4 Kd6 33. Rf6+
Kc5 34. Rxh6 Re7 35. Rf6 e3 36. Rf1 Kc4 37. Kb2 e2 38. Re1 Kd3 39. Kc1 Kxc3 40.
g5 d4 0-1

[Event "European Rapid 2022"]
[Site "Katowice POL"]
[Date "2022.12.18"]
[Round "11.26"]
[White "Seo, Jung Min"]
[Black "Mis, Mieszko"]
[Result "1-0"]
[WhiteTitle "IM"]
[BlackTitle "FM"]
[WhiteElo "2502"]
[BlackElo "2389"]
[WhiteFideId "1734687"]
[BlackFideId "1196448"]
[EventDate "2022.12.17"]

1. c4 Nf6 2. Nc3 c5 3. Nf3 Nc6 4. g3 d5 5. cxd5 Nxd5 6. Bg2 Nxc3 7. bxc3 e5 8.
O-O Be7 9. d3 O-O 10. Rb1 Qc7 11. Nd2 b6 12. Nc4 Bb7 13. e4 Rad8 14. Ne3 Bd6 15.
Nd5 Qd7 16. Bg5 f6 17. Be3 Ne7 18. c4 Nxd5 19. exd5 f5 20. a4 Qf7 21. Bd2 Bc7
22. a5 Kh8 23. axb6 axb6 24. Re1 Rde8 25. Bc3 Bc8 26. Ra1 Qg6 27. Ra7 Bb8 28.
Ra8 Bb7 29. Ra2 Bc8 30. Rae2 f4 31. Bxe5 Bg4 32. f3 Bxe5 33. Rxe5 Rxe5 34. Rxe5
Bf5 35. g4 Bxd3 36. Re6 Rf6 37. Rxf6 gxf6 38. d6 1-0

[Event "European Rapid 2022"]
[Site "Katowice POL"]
[Date "2022.12.18"]
[Round "11.27"]
[White "Zawadzka, Jolanta"]
[Black "Costachi, Mihnea"]
[Result "1/2-1/2"]
[WhiteTitle "WGM"]
[BlackTitle "IM"]
[WhiteElo "2386"]
[BlackElo "2476"]
[WhiteFideId "1122320"]
[BlackFideId "1217518"]
[EventDate "2022.12.17"]

1. e4 e5 2. Nf3 Nc6 3. Bb5 a6 4. Ba4 d6 5. c4 Bd7 6. O-O Nf6 7. Re1 Be7 8. d4
exd4 9. Nxd4 Nxd4 10. Bxd7+ Nxd7 11. Qxd4 O-O 12. Nc3 Bf6 13. Qd2 Ne5 14. b3 b5
15. cxb5 axb5 16. Bb2 c6 17. h3 Qb6 18. Nd1 Rfd8 19. Ne3 g6 20. Kh1 h5 21. Bd4
Qb7 22. f4 Nd7 23. Rad1 c5 24. Bxf6 Nxf6 25. Nd5 Nxd5 26. exd5 Qd7 27. Qc2 Re8
28. Rxe8+ Qxe8 29. f5 gxf5 30. Qxf5 Qe5 31. Qf2 Re8 32. a4 bxa4 33. bxa4 Ra8 34.
Qh4 Rc8 35. Qc4 Ra8 36. Qb5 Qe8 37. Qc6 Qd8 38. Rf1 Rc8 39. Qb5 c4 40. a5 c3 41.
a6 c2 42. Rc1 Qc7 43. Qa4 Qc4 44. Qxc4 Rxc4 45. a7 Ra4 46. Rxc2 Rxa7 47. Rc6 Rd7
48. Kh2 Kg7 49. Kg3 Kf6 50. Kf4 Rd8 51. g3 Rd7 52. Ke4 Kg5 53. Ra6 Kf6 54. Kf4
Rd8 55. Rb6 Rd7 56. Ra6 Rd8 57. Rb6 1/2-1/2

[Event "European Rapid 2022"]
[Site "Katowice POL"]
[Date "2022.12.18"]
[Round "11.28"]
[White "Horvath, Dominik"]
[Black "Garcia Martin, Marta"]
[Result "1-0"]
[WhiteTitle "IM"]
[BlackTitle "IM"]
[WhiteElo "2502"]
[BlackElo "2301"]
[WhiteFideId "1642561"]
[BlackFideId "32084030"]
[EventDate "2022.12.17"]

1. e4 e5 2. Nc3 Nf6 3. d4 exd4 4. Qxd4 Nc6 5. Qd3 Bc5 6. Bf4 d6 7. Qd2 O-O 8.
O-O-O Re8 9. f3 Be6 10. Nge2 Ne5 11. Nd4 Bc4 12. Nf5 Be6 13. Nd4 Bd7 14. h4 b5
15. Ndxb5 Rb8 16. h5 Bb4 17. a3 Bxb5 18. axb4 Bxf1 19. Rdxf1 Rxb4 20. b3 c5 21.
Bg5 Qa5 22. Nb1 Nc4 23. Qc3 Nd7 24. h6 f6 25. Bd2 Nxd2 26. Qxd2 c4 27. hxg7 cxb3
28. cxb3 Qc5+ 29. Qc3 Rxb3 30. Qxc5 Nxc5 31. Nd2 Rb4 32. Rh5 Re5 33. Rh6 Kxg7
34. Rfh1 Rg5 35. Rxh7+ Kf8 36. Rxa7 Rb8 37. g4 Ne6 38. Rh8+ Rg8 39. Rh6 Rg7 40.
Rxf6+ Kg8 41. Rxg7+ Nxg7 42. Rxd6 Kf7 43. Kd1 Ne6 44. Ke2 Ke7 45. Ra6 Rc8 46.
Ra3 Nd4+ 47. Kf2 Rc2 48. Rd3 Ne6 49. Kg3 Nc5 50. Rd5 Rc3 51. g5 Kf7 52. Kg4 Rc1
53. Nf1 Ne6 54. Ng3 Rg1 55. f4 Ke7 56. Ra5 Nd4 57. f5 1-0

[Event "European Rapid 2022"]
[Site "Katowice POL"]
[Date "2022.12.18"]
[Round "11.29"]
[White "Chyzy, Jakub"]
[Black "Stefanova, Antoaneta"]
[Result "1-0"]
[WhiteTitle "FM"]
[BlackTitle "GM"]
[WhiteElo "2247"]
[BlackElo "2442"]
[WhiteFideId "21806209"]
[BlackFideId "2902257"]
[EventDate "2022.12.17"]

1. e4 e5 2. Nf3 Nc6 3. Nc3 Nf6 4. a3 Bd6 5. d4 h6 6. d5 Ne7 7. Bc4 g5 8. h4 g4
9. Nh2 h5 10. f3 Ng6 11. Bg5 Be7 12. d6 cxd6 13. fxg4 d5 14. Bxd5 Nxg4 15. Nxg4
hxg4 16. Rf1 Rh7 17. Qxg4 Bxg5 18. hxg5 d6 19. Qg3 Be6 20. O-O-O Qe7 21. Rf6 Nf4
22. Bxe6 fxe6 23. Qf2 a6 24. g3 Nh3 25. Qe3 Rg7 26. Rh6 Rh7 27. Rxh7 Qxh7 28.
Rxd6 Qe7 29. Qb6 Nxg5 30. Kb1 Rc8 31. Rd3 Kf7 32. Qa5 Rc5 33. Qa4 Rc6 34. Qa5
Rc5 35. Qb6 Rc6 36. Qe3 Kg6 37. Rd1 Qc5 38. Qe2 Rc7 39. Rh1 Rh7 40. Rxh7 Nxh7
41. Nd1 Qg1 42. Qg4+ Ng5 43. Ka2 Kf6 44. Nc3 Qe3 45. Qh4 Ke7 46. Qh6 b5 47. g4
Qf4 48. Qg6 Nf7 49. Qg8 Qd2 50. Qa8 Qd6 51. Qb7+ Kf6 52. Qc8 Qb6 53. Qd7 b4 54.
axb4 Qxb4 55. Qc6 Qa5+ 56. Kb1 Ke7 57. Qb7+ Kf6 58. Qc6 Ke7 59. Qc4 Qb6 60. Ka2
Ng5 61. b4 Nf3 62. Na4 Qg1 63. Nc5 Qxg4 64. Qxa6 Kf6 65. Qc8 Qh3 66. Qf8+ Kg5
67. Qg8+ Kf4 68. Nxe6+ Ke3 69. Nc5 Nd4 70. Qc4 Qh1 71. Qd3+ Kf4 72. b5 Qh8 73.
b6 Qa8+ 74. Qa6 Qg8+ 75. Kb2 Qg2 76. Qc4 Qd2 77. b7 Ne2 78. Nd3+ 1-0

[Event "European Rapid 2022"]
[Site "Katowice POL"]
[Date "2022.12.18"]
[Round "11.30"]
[White "Seemann, Jakub"]
[Black "Vogel, Roven"]
[Result "1-0"]
[WhiteTitle "FM"]
[BlackTitle "IM"]
[WhiteElo "2365"]
[BlackElo "2463"]
[WhiteFideId "21874697"]
[BlackFideId "12908088"]
[EventDate "2022.12.17"]

1. e4 e5 2. Nf3 Nc6 3. Bb5 a6 4. Ba4 Nf6 5. O-O Be7 6. Re1 b5 7. Bb3 O-O 8. a4
Bb7 9. d3 d6 10. Bd2 Qd7 11. Nc3 Nd4 12. Nxd4 exd4 13. Ne2 c5 14. Ng3 Rfc8 15.
f4 Qg4 16. c4 dxc3 17. bxc3 Qxd1 18. Raxd1 c4 19. dxc4 bxc4 20. Bc2 d5 21. e5
Ng4 22. Nf5 Bc5+ 23. Nd4 Nh6 24. f5 f6 25. exf6 Nf7 26. fxg7 Kxg7 27. Be3 Kf6
28. Rb1 Bc6 29. Nf3 Bxe3+ 30. Rxe3 Ng5 31. Nd4 Bd7 32. Rb6+ Kf7 33. h4 Ne4 34.
Bxe4 dxe4 35. Rxe4 Rcb8 36. Rd6 Bxa4 37. Nf3 Bc2 38. Rd7+ Kf8 39. Ree7 Bxf5 40.
Rf7+ Ke8 41. Rde7+ Kd8 42. Nd4 Rb5 43. Nc6+ 1-0

[Event "European Rapid 2022"]
[Site "Katowice POL"]
[Date "2022.12.18"]
[Round "11.31"]
[White "Novotny, Michal"]
[Black "Sahidi, Samir"]
[Result "0-1"]
[WhiteTitle "FM"]
[BlackTitle "IM"]
[WhiteElo "2250"]
[BlackElo "2494"]
[WhiteFideId "310980"]
[BlackFideId "14936372"]
[EventDate "2022.12.17"]

1. e4 c6 2. d4 d5 3. e5 Bf5 4. Nf3 e6 5. Be2 Ne7 6. O-O Nd7 7. Nh4 Bg6 8. a4 Nf5
9. Nxg6 hxg6 10. g3 c5 11. c4 Nxd4 12. cxd5 exd5 13. Re1 Be7 14. Nc3 Nxe2+ 15.
Qxe2 d4 16. Nd5 Nb6 17. Qb5+ Kf8 18. Nf4 g5 19. Ng2 Qd7 20. Qxd7 Nxd7 21. f4
gxf4 22. Nxf4 Re8 23. e6 Nf6 24. b4 c4 25. Ba3 Bd6 26. Red1 g5 27. Rxd4 Be5 28.
Rd7 Nxd7 29. exd7 Rd8 30. b5+ Kg7 0-1

[Event "European Rapid 2022"]
[Site "Katowice POL"]
[Date "2022.12.18"]
[Round "11.32"]
[White "Peyrer, Konstantin"]
[Black "Mikhalchishin, Adrian"]
[Result "1/2-1/2"]
[WhiteTitle "FM"]
[BlackTitle "GM"]
[WhiteElo "2380"]
[BlackElo "2455"]
[WhiteFideId "1640879"]
[BlackFideId "14602385"]
[EventDate "2022.12.17"]

1. d4 d5 2. c4 dxc4 3. Nf3 c5 4. Nc3 e6 5. Bf4 Nf6 6. e3 Nd5 7. Bxc4 Nxf4 8.
exf4 cxd4 9. Qxd4 Qxd4 10. Nxd4 Bc5 11. Ndb5 Na6 12. a3 Ke7 13. f5 Rd8 14. fxe6
Bxe6 15. Bxe6 fxe6 16. Ke2 Rac8 17. Rad1 Rxd1 18. Rxd1 Nc7 19. Rc1 Nxb5 20. Nxb5
a6 21. Nd4 Kd7 22. Rd1 Ke7 23. Rc1 Kd7 24. Nxe6 Kxe6 25. b4 Kd5 26. bxc5 Rxc5
27. Rd1+ Ke6 28. Rd3 b5 29. f4 Rc4 30. Kf3 a5 31. g4 b4 32. axb4 axb4 33. f5+
Ke7 34. Rd5 Rc3+ 35. Kf4 Rh3 36. Rd2 h6 37. Ra2 b3 38. Ra7+ Kf6 39. Ra6+ 1/2-1/2

[Event "European Rapid 2022"]
[Site "Katowice POL"]
[Date "2022.12.18"]
[Round "11.33"]
[White "Asllani, Muhamet"]
[Black "Sebenik, Matej"]
[Result "1-0"]
[BlackTitle "GM"]
[WhiteElo "2228"]
[BlackElo "2538"]
[WhiteFideId "22100300"]
[BlackFideId "14602296"]
[EventDate "2022.12.17"]

1. e4 c5 2. Nf3 Nc6 3. d4 cxd4 4. Nxd4 e5 5. Nxc6 bxc6 6. Bc4 Nf6 7. Nc3 Bb4 8.
O-O O-O 9. Bg5 h6 10. Bh4 Qe7 11. Re1 Bxc3 12. bxc3 d6 13. Qd2 Be6 14. Bd3 Rfe8
15. f4 a5 16. f5 Bc8 17. g4 d5 18. g5 Nxe4 19. Bxe4 dxe4 20. f6 Qc5+ 21. Bf2 Qd5
22. Qe3 Bg4 23. gxh6 g6 24. h7+ Kxh7 25. Qg5 Qe6 26. Rxe4 Bh5 27. Rh4 1-0

[Event "European Rapid 2022"]
[Site "Katowice POL"]
[Date "2022.12.18"]
[Round "11.34"]
[White "Nasuta, Grzegorz"]
[Black "Maly, Alexey"]
[Result "1-0"]
[WhiteTitle "GM"]
[BlackTitle "IM"]
[WhiteElo "2546"]
[BlackElo "2370"]
[WhiteFideId "1141686"]
[BlackFideId "14103184"]
[EventDate "2022.12.17"]

1. e4 c6 2. d4 d5 3. e5 Bf5 4. Nf3 e6 5. Be2 Nd7 6. O-O h6 7. a4 Ne7 8. a5 a6 9.
b4 Bg6 10. c3 Nf5 11. Nbd2 Be7 12. Nb3 O-O 13. Bd3 Nh4 14. Nxh4 Bxh4 15. Bxg6
fxg6 16. Qg4 Kh7 17. f4 Be7 18. Ra2 Qe8 19. Raf2 Qf7 20. Qe2 h5 21. g3 Rh8 22.
h3 Raf8 23. Kg2 Kg8 24. Bd2 Qe8 25. Nc1 Kf7 26. Nd3 Rh7 27. Rf3 Rfh8 28. Nb2 Qg8
29. Qd3 Nf8 30. Na4 Ke8 31. c4 Qf7 32. b5 dxc4 33. bxa6 cxd3 34. a7 Qf5 35.
a8=Q+ Kf7 36. Qxb7 Qe4 37. Bb4 Nd7 38. Qxd7 Re8 39. Nc5 Qe2+ 40. R3f2 1-0

[Event "European Rapid 2022"]
[Site "Katowice POL"]
[Date "2022.12.18"]
[Round "11.35"]
[White "Madan, Augustin"]
[Black "Schneider, Ilja"]
[Result "0-1"]
[WhiteTitle "IM"]
[BlackTitle "IM"]
[WhiteElo "2292"]
[BlackElo "2483"]
[WhiteFideId "1210327"]
[BlackFideId "4663306"]
[EventDate "2022.12.17"]

1. e4 e5 2. Nf3 Nc6 3. Bb5 a6 4. Bxc6 dxc6 5. O-O Bg4 6. h3 Bh5 7. d3 Qf6 8. Be3
Bxf3 9. Qxf3 Qxf3 10. gxf3 Bd6 11. Nd2 Ne7 12. Nc4 Ng6 13. Kh2 f5 14. exf5 Nh4
15. f4 exf4 16. Nxd6+ cxd6 17. Bxf4 Kd7 18. Bg3 Nxf5 19. c3 Rhf8 20. Kg2 Rf6 21.
Rfe1 Raf8 22. Re2 h5 23. d4 Rg6 24. Kh2 h4 25. Bf4 Nxd4 26. cxd4 Rxf4 27. Rae1
Rf7 28. b3 Rgf6 29. Kg2 Rf4 30. d5 c5 31. Rd1 b5 32. Rd3 Re7 33. Rxe7+ Kxe7 34.
Re3+ Kf7 35. Re6 Rf6 36. Re4 g5 37. b4 c4 38. f3 Rf5 39. Rd4 Rf4 40. Rd1 c3 41.
a3 c2 42. Rc1 Rc4 43. Kf2 Kf6 44. Ke3 Ke5 0-1